000 00320nam a2200121Ia 4500
008 151213s9999 xx 000 0 und d
245 _aInternational Members & Marketing Service Guide
260 _bAmerican Marketing Assciation
_c1999
300 _a2995 p.
650 _aMarketing
650 _aMarketing
999 _c2082
_d2082